000 00893 a2200169 4500
003 NUST
005 20230127143820.0
040 _cNust
082 _a904.9982,THO
100 _aThomas-Haig,David
_9107937
245 _aTracks in The Snow /
_cDavid Haig Thomas
260 _aLondon
_bHodder and stoughton
_c139
300 _a290:p.
505 _aPrologue (Page-11), I Make My Plans (Page-17), Greenland (Page-26), The Eskimos (Page-41), First Journey to Etah (Page-56),Second Journey in the Motor-Boat (Page-69), Last Preparations (Page-90), The Seal Hunt (Page-120), In the Igloo of Ootah (Page-134), The Start of the Sledge Journey (Page-155), Cold (Page-172), Bears (Page-186), The New Island (Page-199), Hunger and Exhaustion (Page-221), The Return Journey (Page-235), Thule (Page-257), The Return (Page-277).
650 _aTracks in The Snow
_9107938
942 _2ddc
_cBK
_k904.9982,THO
999 _c186176
_d186176